[Event "25th Klatovy A 2017"]
[Site "Klatovy CZE"]
[Date "2017.07.03"]
[Round "3.24"]
[White "Jelinek, Michal"]
[Black "Vartazaryan, Gor"]
[Result "1-0"]
[WhiteElo "2085"]
[BlackElo "1795"]
[PlyCount "59"]
[EventDate "2017.07.01"]
[EventType "swiss"]
[EventRounds "9"]
[EventCountry "CZE"]
[SourceTitle "EXT 2018"]
[Source "ChessBase"]
[SourceDate "2017.10.13"]
[SourceVersion "1"]
[SourceVersionDate "2017.10.13"]
[SourceQuality "1"]

1. d4 Nf6 2. c4 g6 3. Nc3 d5 4. Nf3 Bg7 5. Qb3 dxc4 6. Qxc4 O-O 7. e4 c6 8. Be2 b5 9. Qb3 a5 10. a3 Na6 11. Qc2 Qb6 12. O-O Rd8 13. h3 Nc7 14. Be3 Qb7 15. Nd2 Ne6 16. Nf3 Nc7 17. Rfd1 Be6 18. Ng5 Rac8 19. Nxe6 Nxe6 20. Bf3 h5 21. Rac1 Kh7 22. Qb3 b4 23. Na4 Bh6 24. Nc5 Nxc5 25. Qxf7+ Bg7 26. Rxc5 bxa3 27. Rg5 Kh8 28. Rxg6 Rg8 29. Bh6 Rcf8 30. Bxg7+ 1-0

[Event "25th Klatovy A 2017"]
[Site "Klatovy CZE"]
[Date "2017.07.03"]
[Round "3.25"]
[White "Skypala, Ondrej"]
[Black "Dolansky, Lukas"]
[Result "0-1"]
[WhiteElo "1685"]
[BlackElo "2065"]
[PlyCount "52"]
[EventDate "2017.07.01"]
[EventType "swiss"]
[EventRounds "9"]
[EventCountry "CZE"]
[SourceTitle "EXT 2018"]
[Source "ChessBase"]
[SourceDate "2017.10.13"]
[SourceVersion "1"]
[SourceVersionDate "2017.10.13"]
[SourceQuality "1"]

1. e4 e5 2. Nf3 Nc6 3. Bb5 Bc5 4. O-O Nd4 5. Nxd4 Bxd4 6. c3 Bb6 7. d4 c6 8. Bc4 d6 9. f4 exd4 10. cxd4 Nf6 11. Nc3 O-O 12. Kh1 d5 13. exd5 cxd5 14. Bd3 Re8 15. h3 Bd7 16. g4 Rc8 17. Kh2 Ba5 18. g5 Bxc3 19. gxf6 Bxd4 20. Qh5 g6 21. Qxd5 Bc6 22. Qxd8 Rcxd8 23. Bc4 Bxf6 24. Rb1 b5 25. Bb3 Re2+ 26. Kg1 Bd4+ 0-1

[Event "25th Klatovy A 2017"]
[Site "Klatovy CZE"]
[Date "2017.07.03"]
[Round "3.26"]
[White "Kopriva, Martin"]
[Black "Paldus, Jan"]
[Result "1-0"]
[WhiteElo "2061"]
[BlackElo "1770"]
[PlyCount "33"]
[EventDate "2017.07.01"]
[EventType "swiss"]
[EventRounds "9"]
[EventCountry "CZE"]
[SourceTitle "EXT 2018"]
[Source "ChessBase"]
[SourceDate "2017.10.13"]
[SourceVersion "1"]
[SourceVersionDate "2017.10.13"]
[SourceQuality "1"]

1. e4 d5 2. exd5 Qxd5 3. d4 c6 4. c4 Qa5+ 5. Nc3 Nf6 6. Bd3 Bf5 7. Nf3 e6 8. Bf4 Bb4 9. O-O O-O 10. Re1 Nbd7 11. Bxf5 Qxf5 12. Bg3 Qa5 13. Qc2 Rfe8 14. Ne5 Rad8 15. a3 Bxc3 16. bxc3 Nh5 17. Nxd7 1-0

[Event "25th Klatovy A 2017"]
[Site "Klatovy CZE"]
[Date "2017.07.03"]
[Round "3.27"]
[White "Zahorbensky, Jaroslav"]
[Black "Lhotsky, Zdenek"]
[Result "1/2-1/2"]
[WhiteElo "2050"]
[BlackElo "1695"]
[PlyCount "62"]
[EventDate "2017.07.01"]
[EventType "swiss"]
[EventRounds "9"]
[EventCountry "CZE"]
[SourceTitle "EXT 2018"]
[Source "ChessBase"]
[SourceDate "2017.10.13"]
[SourceVersion "1"]
[SourceVersionDate "2017.10.13"]
[SourceQuality "1"]

1. e4 c5 2. Nf3 d6 3. c3 Nf6 4. Be2 Nc6 5. d3 g6 6. Bg5 Bg7 7. Qd2 O-O 8. Na3 Qc7 9. Nc2 Rd8 10. Qf4 Qb6 11. O-O-O Be6 12. a3 Ng4 13. Nd2 Nge5 14. Qg3 h6 15. Bf4 Rac8 16. h4 h5 17. Nf3 Nxf3 18. Bxf3 Kh7 19. Be2 Na5 20. e5 Ba2 21. Na1 Nb3+ 22. Nxb3 Bxb3 23. Rd2 dxe5 24. Bxe5 f6 25. Bf4 e5 26. Be3 f5 27. f4 exf4 28. Bxf4 Ba2 29. Be5 Bh6 30. Bf4 Bg7 31. Be5 Bh6 1/2-1/2

[Event "25th Klatovy A 2017"]
[Site "Klatovy CZE"]
[Date "2017.07.03"]
[Round "3.28"]
[White "Pavlicek, Petr"]
[Black "Dvorak, Jan"]
[Result "1/2-1/2"]
[WhiteElo "1899"]
[BlackElo "2174"]
[PlyCount "87"]
[EventDate "2017.07.01"]
[EventType "swiss"]
[EventRounds "9"]
[EventCountry "CZE"]
[SourceTitle "EXT 2018"]
[Source "ChessBase"]
[SourceDate "2017.10.13"]
[SourceVersion "1"]
[SourceVersionDate "2017.10.13"]
[SourceQuality "1"]

1. e4 e6 2. d4 d5 3. Nd2 Be7 4. c3 c5 5. dxc5 Nf6 6. e5 Nfd7 7. Ngf3 Nc6 8. Bb5 Nxc5 9. Nd4 Bd7 10. N2f3 a6 11. Nxc6 bxc6 12. Be2 O-O 13. O-O f6 14. exf6 Bxf6 15. Be3 Qe7 16. Qc2 e5 17. Rad1 g6 18. h3 Ne6 19. Qd2 a5 20. Rfe1 Rab8 21. b3 Bg7 22. Bf1 Rf5 23. Nh2 Rbf8 24. Ng4 g5 25. f3 Nf4 26. c4 Be6 27. Qxa5 Qf7 28. Bc5 Rc8 29. Bd6 dxc4 30. Bxe5 cxb3 31. axb3 Bd5 32. Bxg7 Qxg7 33. Ne3 Re5 34. Qc3 Rce8 35. Nf5 Qa7+ 36. Kh2 Ng6 37. Bc4 Qb8 38. Rxe5 Rxe5 39. Nh6+ Kf8 40. Kh1 Qe8 41. Bxd5 cxd5 42. Ng4 Rf5 43. Qc5+ Kg7 44. Qd4+ 1/2-1/2

[Event "25th Klatovy A 2017"]
[Site "Klatovy CZE"]
[Date "2017.07.03"]
[Round "3.29"]
[White "Odehnal, Jaroslav"]
[Black "Bartonicek, Zdenek Jr"]
[Result "0-1"]
[WhiteElo "1930"]
[BlackElo "2039"]
[PlyCount "70"]
[EventDate "2017.07.01"]
[EventType "swiss"]
[EventRounds "9"]
[EventCountry "CZE"]
[SourceTitle "EXT 2018"]
[Source "ChessBase"]
[SourceDate "2017.10.13"]
[SourceVersion "1"]
[SourceVersionDate "2017.10.13"]
[SourceQuality "1"]

1. e4 c5 2. Nf3 g6 3. d4 cxd4 4. Nxd4 Nc6 5. c4 Bg7 6. Be3 Nf6 7. Nc3 Ng4 8. Nxc6 Nxe3 9. Nxd8 Nxd1 10. Rxd1 Bxc3+ 11. bxc3 Kxd8 12. Be2 b6 13. O-O Kc7 14. e5 Bb7 15. Rd4 Rad8 16. Rfd1 d6 17. exd6+ Rxd6 18. Rxd6 exd6 19. f4 Re8 20. Bd3 Kc6 21. Kf2 Kc5 22. Bf1 f6 23. g3 g5 24. Rd4 Be4 25. f5 h5 26. h3 Re5 27. g4 hxg4 28. hxg4 a5 29. Be2 Bc6 30. a3 Re8 31. Rd3 b5 32. Rd4 b4 33. axb4+ axb4 34. Rd3 b3 35. Bd1 b2 0-1

[Event "25th Klatovy A 2017"]
[Site "Klatovy CZE"]
[Date "2017.07.03"]
[Round "3.30"]
[White "Kunc, Jan"]
[Black "Brunova, Blanka"]
[Result "1-0"]
[WhiteElo "2015"]
[BlackElo "1922"]
[PlyCount "25"]
[EventDate "2017.07.01"]
[EventType "swiss"]
[EventRounds "9"]
[EventCountry "CZE"]
[SourceTitle "EXT 2018"]
[Source "ChessBase"]
[SourceDate "2017.10.13"]
[SourceVersion "1"]
[SourceVersionDate "2017.10.13"]
[SourceQuality "1"]

1. e4 c5 2. Nf3 Nc6 3. d4 cxd4 4. Nxd4 g6 5. Be2 Bg7 6. Nb3 Nf6 7. Nc3 O-O 8. O-O d5 9. exd5 Nb4 10. Bf3 Bf5 11. Nd4 Nfxd5 12. Nxd5 Bxd4 13. Nxb4 1-0

[Event "25th Klatovy A 2017"]
[Site "Klatovy CZE"]
[Date "2017.07.03"]
[Round "3.31"]
[White "Ondrejat, Miroslav"]
[Black "Stanek, Petr"]
[Result "1/2-1/2"]
[WhiteElo "2010"]
[BlackElo "1888"]
[PlyCount "45"]
[EventDate "2017.07.01"]
[EventType "swiss"]
[EventRounds "9"]
[EventCountry "CZE"]
[SourceTitle "EXT 2018"]
[Source "ChessBase"]
[SourceDate "2017.10.13"]
[SourceVersion "1"]
[SourceVersionDate "2017.10.13"]
[SourceQuality "1"]

1. f4 c5 2. Nf3 d5 3. e3 Nc6 4. b3 Nf6 5. Bb2 g6 6. Bb5 Bg7 7. O-O O-O 8. Bxc6 bxc6 9. Ne5 Qc7 10. Nd3 Nd7 11. Bxg7 Kxg7 12. Qc1 Qd6 13. Qb2+ f6 14. Nc3 c4 15. Nf2 cxb3 16. axb3 c5 17. Ra5 Bb7 18. Rfa1 a6 19. Ne2 e5 20. b4 d4 21. bxc5 Qc6 22. e4 Rab8 23. Qa3 1/2-1/2

[Event "25th Klatovy A 2017"]
[Site "Klatovy CZE"]
[Date "2017.07.03"]
[Round "3.32"]
[White "Hodan, Jiri"]
[Black "Kucera, Tomas"]
[Result "0-1"]
[WhiteElo "1876"]
[BlackElo "1993"]
[PlyCount "58"]
[EventDate "2017.07.01"]
[EventType "swiss"]
[EventRounds "9"]
[EventCountry "CZE"]
[SourceTitle "EXT 2018"]
[Source "ChessBase"]
[SourceDate "2017.10.13"]
[SourceVersion "1"]
[SourceVersionDate "2017.10.13"]
[SourceQuality "1"]

1. Nf3 Nf6 2. c4 d6 3. d4 g6 4. Nc3 Bg7 5. e4 O-O 6. h3 e5 7. d5 a5 8. Be3 Na6 9. a3 Bd7 10. Rb1 a4 11. Qc2 Qe8 12. Nb5 Nxe4 13. Qxa4 f5 14. Qc2 f4 15. Bd2 Nec5 16. Qc3 Bf5 17. Ra1 Qe7 18. Be2 c6 19. dxc6 bxc6 20. b4 e4 21. Nfd4 Nd3+ 22. Kf1 cxb5 23. cxb5 Nc7 24. Bxd3 exd3 25. Re1 Qf7 26. Nxf5 Bxc3 27. Nh6+ Kg7 28. Nxf7 Bxd2 29. Re7 Rxf7 0-1

[Event "25th Klatovy A 2017"]
[Site "Klatovy CZE"]
[Date "2017.07.03"]
[Round "3.33"]
[White "Hacaperka, Michal"]
[Black "Skopec, Lubos"]
[Result "0-1"]
[WhiteElo "1846"]
[BlackElo "1972"]
[PlyCount "158"]
[EventDate "2017.07.01"]
[EventType "swiss"]
[EventRounds "9"]
[EventCountry "CZE"]
[SourceTitle "EXT 2018"]
[Source "ChessBase"]
[SourceDate "2017.10.13"]
[SourceVersion "1"]
[SourceVersionDate "2017.10.13"]
[SourceQuality "1"]

1. e4 c5 2. Nc3 Nc6 3. Bb5 g6 4. Bxc6 bxc6 5. d3 Bg7 6. f4 e6 7. Nf3 Ne7 8. O-O d5 9. e5 Nf5 10. Na4 Qa5 11. b3 Bf8 12. c4 Ba6 13. Qe1 Qxe1 14. Nxe1 O-O-O 15. Ba3 Kc7 16. Rf2 Bb7 17. Nf3 h6 18. Rc1 Kb8 19. Rd2 Nd4 20. Ne1 g5 21. Bxc5 Bxc5 22. Nxc5 gxf4 23. Nc2 dxc4 24. Nxd4 Rxd4 25. bxc4 Kc7 26. Rb1 Bc8 27. Nb3 Rd7 28. Nc5 Rd4 29. Rf1 Rhd8 30. Rfd1 Rg8 31. Kf2 Rg5 32. Ne4 Rxe5 33. Kf3 f5 34. Kxf4 Ra5 35. Ke3 e5 36. Nc3 f4+ 37. Kf2 Bg4 38. Re1 Ra3 39. Rc1 Kd7 40. Ne4 Ke7 41. Nc5 e4 42. Nxe4 Raxd3 43. Rxd3 Rxd3 44. Nc5 Rd2+ 45. Kf1 Rxa2 46. Re1+ Kf6 47. Ne4+ Kg6 48. h3 Bf5 49. Nd6 Bd3+ 50. Kg1 Re2 51. Rd1 Bf5 52. Nxf5 Kxf5 53. Rd6 Re6 54. Rd7 a5 55. Ra7 Re5 56. Ra6 Rc5 57. Kf2 Ke4 58. Ra8 Kd4 59. Kf3 Kxc4 60. Kxf4 Kb3 61. Rb8+ Rb5 62. Re8 c5 63. Re3+ Kb4 64. g4 c4 65. h4 c3 66. g5 hxg5+ 67. hxg5 c2 68. Re1 Kc3 69. g6 Kd2 70. g7 Kxe1 71. g8=Q c1=Q+ 72. Ke4 Qc6+ 73. Kf4 Qf6+ 74. Ke4 Qh4+ 75. Kd3 Qh3+ 76. Kd4 Rb4+ 77. Ke5 Qe3+ 78. Kd6 Qd4+ 79. Kc7 Qc4+ 0-1

[Event "25th Klatovy A 2017"]
[Site "Klatovy CZE"]
[Date "2017.07.03"]
[Round "3.34"]
[White "Schuster, Jan"]
[Black "Novak, Jaromir"]
[Result "0-1"]
[WhiteElo "1967"]
[BlackElo "1849"]
[PlyCount "152"]
[EventDate "2017.07.01"]
[EventType "swiss"]
[EventRounds "9"]
[EventCountry "CZE"]
[SourceTitle "EXT 2018"]
[Source "ChessBase"]
[SourceDate "2017.10.13"]
[SourceVersion "1"]
[SourceVersionDate "2017.10.13"]
[SourceQuality "1"]

1. e4 Nf6 2. Nc3 d6 3. Nf3 e5 4. g3 Be7 5. Bg2 Bg4 6. h3 Bd7 7. d4 exd4 8. Nxd4 Nc6 9. Nf5 Bxf5 10. exf5 Qd7 11. O-O O-O 12. g4 h6 13. f4 Nh7 14. Be3 Rae8 15. Qf3 a6 16. Ne4 Nd8 17. Bd4 Qa4 18. Qc3 f6 19. b3 Qd7 20. Nd2 Kh8 21. Nf3 c6 22. Nh4 Rf7 23. Ng6+ Kg8 24. Rad1 d5 25. Bb6 Bd6 26. Qa5 Nf8 27. c4 Nxg6 28. fxg6 Rfe7 29. cxd5 c5 30. f5 Re2 31. Rfe1 Qe7 32. Rxe2 Qxe2 33. Qd2 Qb5 34. Ba5 b6 35. Bc3 Re2 36. Qc1 Rxa2 37. Re1 Re2 38. Qd1 Rxe1+ 39. Qxe1 Qd7 40. Qe3 Qe7 41. Qxe7 Bxe7 42. Bf1 b5 43. Ba5 Nb7 44. Bc7 Bd6 45. Bb6 Kf8 46. Kg2 Ke7 47. Kf3 Be5 48. h4 Kd6 49. Ke4 Ke7 50. Kf3 Kd6 51. Ke4 Bc3 52. Kd3 Be5 53. Ke4 Ba1 54. Be2 Ke7 55. Kf3 Bc3 56. Bd3 Be1 57. g5 fxg5 58. hxg5 hxg5 59. Bc7 Bc3 60. Ke4 Nd6+ 61. Kf3 Kd7 62. Bb8 c4 63. bxc4 bxc4 64. Be2 Nxf5 65. Bxc4 a5 66. Bd3 Nd6 67. Kg4 a4 68. Bxd6 Kxd6 69. Bc4 Bd2 70. Kf5 a3 71. Ba2 Bf4 72. Bb3 Kc5 73. Ba2 Kb4 74. Ke6 g4 75. d6 Bxd6 76. Kxd6 g3 0-1

[Event "25th Klatovy A 2017"]
[Site "Klatovy CZE"]
[Date "2017.07.03"]
[Round "3.35"]
[White "Nagy, Ladislav1"]
[Black "Cecil, Pavel"]
[Result "1-0"]
[WhiteElo "1812"]
[BlackElo "1967"]
[PlyCount "59"]
[EventDate "2017.07.01"]
[EventType "swiss"]
[EventRounds "9"]
[EventCountry "CZE"]
[SourceTitle "EXT 2018"]
[Source "ChessBase"]
[SourceDate "2017.10.13"]
[SourceVersion "1"]
[SourceVersionDate "2017.10.13"]
[SourceQuality "1"]

1. e4 e6 2. d3 d5 3. Nd2 b6 4. g3 Bb7 5. Bg2 Nd7 6. Ngf3 dxe4 7. dxe4 e5 8. O-O f6 9. Nh4 g6 10. a3 Qe7 11. b4 O-O-O 12. c3 Bh6 13. Qc2 Kb8 14. a4 Qe6 15. a5 Ne7 16. axb6 axb6 17. Nb3 Bxc1 18. Rfxc1 c6 19. c4 Kc7 20. c5 b5 21. Ra5 Ra8 22. Rd1 Rxa5 23. Nxa5 Rd8 24. Rd6 Qf7 25. Bh3 Nc8 26. Rd3 f5 27. Qd1 Ba8 28. exf5 e4 29. fxg6 hxg6 30. Rxd7+ 1-0

[Event "25th Klatovy A 2017"]
[Site "Klatovy CZE"]
[Date "2017.07.03"]
[Round "3.36"]
[White "Zizka, Petr"]
[Black "Kusa, Jakub"]
[Result "1-0"]
[WhiteElo "1966"]
[BlackElo "1828"]
[PlyCount "103"]
[EventDate "2017.07.01"]
[EventType "swiss"]
[EventRounds "9"]
[EventCountry "CZE"]
[SourceTitle "EXT 2018"]
[Source "ChessBase"]
[SourceDate "2017.10.13"]
[SourceVersion "1"]
[SourceVersionDate "2017.10.13"]
[SourceQuality "1"]

1. e4 e5 2. Nf3 Nc6 3. Bb5 Nf6 4. O-O Nxe4 5. Re1 Nd6 6. Nxe5 Be7 7. Bd3 O-O 8. Nc3 Bf6 9. Ng4 Bxc3 10. dxc3 f5 11. Ne5 Qf6 12. f4 Re8 13. Be3 Nxe5 14. Bd4 Ndf7 15. Bc4 d6 16. fxe5 dxe5 17. Bxe5 Qc6 18. Bxf7+ Kxf7 19. Qh5+ Qg6 20. Qxg6+ Kxg6 21. Bxc7 Be6 22. Rad1 Rac8 23. Be5 Kf7 24. b3 g6 25. c4 b5 26. Rd6 bxc4 27. Ra6 Re7 28. Bd4 Rcc7 29. b4 Red7 30. c3 Re7 31. Kf2 g5 32. g3 h5 33. a4 f4 34. gxf4 gxf4 35. Re4 f3 36. Rf4+ Ke8 37. Rxf3 Bg4 38. Re3 Rxe3 39. Kxe3 Re7+ 40. Kf4 Re2 41. Rxa7 Rxh2 42. b5 Bc8 43. b6 Ra2 44. Kg5 Kd8 45. Bf6+ Ke8 46. Kxh5 Rf2 47. Kg5 Rg2+ 48. Kh5 Rh2+ 49. Kg6 Rg2+ 50. Bg5 Rg3 51. Re7+ Kf8 52. Rc7 1-0

[Event "25th Klatovy A 2017"]
[Site "Klatovy CZE"]
[Date "2017.07.03"]
[Round "3.37"]
[White "Rezac, Jindrich"]
[Black "Richter, Martin1"]
[Result "1/2-1/2"]
[WhiteElo "1802"]
[BlackElo "1945"]
[PlyCount "56"]
[EventDate "2017.07.01"]
[EventType "swiss"]
[EventRounds "9"]
[EventCountry "CZE"]
[SourceTitle "EXT 2018"]
[Source "ChessBase"]
[SourceDate "2017.10.13"]
[SourceVersion "1"]
[SourceVersionDate "2017.10.13"]
[SourceQuality "1"]

1. d4 d5 2. c4 c6 3. Nc3 Nf6 4. e3 e6 5. b3 Bb4 6. Bd2 O-O 7. Nf3 Nbd7 8. Be2 dxc4 9. bxc4 Re8 10. Rb1 a5 11. O-O e5 12. h3 exd4 13. exd4 Qc7 14. Re1 Nf8 15. Bd3 Ne6 16. Ne4 Nxe4 17. Rxe4 Bxd2 18. Qxd2 Bd7 19. Qb2 b5 20. cxb5 cxb5 21. Bxb5 Bxb5 22. Qxb5 Reb8 23. Qd3 Rxb1+ 24. Qxb1 Rb8 25. Qe1 Qc2 26. Re2 Qf5 27. Re5 Qc2 28. Re2 Qf5 1/2-1/2

[Event "25th Klatovy A 2017"]
[Site "Klatovy CZE"]
[Date "2017.07.03"]
[Round "3.38"]
[White "Novy, Daniel"]
[Black "Kasik, Miroslav"]
[Result "1/2-1/2"]
[WhiteElo "1942"]
[BlackElo "1805"]
[PlyCount "31"]
[EventDate "2017.07.01"]
[EventType "swiss"]
[EventRounds "9"]
[EventCountry "CZE"]
[SourceTitle "EXT 2018"]
[Source "ChessBase"]
[SourceDate "2017.10.13"]
[SourceVersion "1"]
[SourceVersionDate "2017.10.13"]
[SourceQuality "1"]

1. e4 d5 2. exd5 Qxd5 3. Nc3 Qa5 4. Nf3 Nf6 5. Be2 Bg4 6. h3 Bh5 7. d4 c6 8. O-O e6 9. Bf4 Nbd7 10. Ne5 Bxe2 11. Nxe2 Be7 12. c3 Qd8 13. Ng3 O-O 14. Re1 Nxe5 15. Bxe5 Bd6 16. Bxd6 1/2-1/2

[Event "25th Klatovy A 2017"]
[Site "Klatovy CZE"]
[Date "2017.07.03"]
[Round "3.39"]
[White "Fox, Pierre"]
[Black "Bartonicek, Zdenek"]
[Result "1-0"]
[WhiteElo "1761"]
[BlackElo "1942"]
[PlyCount "81"]
[EventDate "2017.07.01"]
[EventType "swiss"]
[EventRounds "9"]
[EventCountry "CZE"]
[SourceTitle "EXT 2018"]
[Source "ChessBase"]
[SourceDate "2017.10.13"]
[SourceVersion "1"]
[SourceVersionDate "2017.10.13"]
[SourceQuality "1"]

1. d4 Nf6 2. c4 c5 3. d5 e5 4. Nc3 d6 5. Bg5 Be7 6. Qc2 Nxd5 7. Nxd5 Bxg5 8. Nf3 Qa5+ 9. b4 Qd8 10. Nxg5 Qxg5 11. Nc7+ Kf8 12. bxc5 Nc6 13. Nxa8 dxc5 14. Nc7 Qd8 15. Nd5 Nd4 16. Qd2 Bf5 17. Rc1 Be6 18. e3 Nf5 19. Be2 a5 20. Rd1 Ke8 21. Qc3 Qb8 22. O-O f6 23. Qxa5 b6 24. Qb5+ Kf7 25. Qc6 Nd6 26. Nf4 exf4 27. Qxd6 fxe3 28. Qxb8 exf2+ 29. Rxf2 Rxb8 30. Bh5+ g6 31. Be2 Rh8 32. Rdf1 f5 33. g4 Ke7 34. gxf5 gxf5 35. Rf4 Rd8 36. Rd1 Rg8+ 37. Kf2 Rh8 38. h4 Kf6 39. Ke3 Ke5 40. Bf3 Bxc4 41. Rxc4 1-0

[Event "25th Klatovy A 2017"]
[Site "Klatovy CZE"]
[Date "2017.07.03"]
[Round "3.40"]
[White "Hak, David"]
[Black "Hlavac, Rudolf"]
[Result "1-0"]
[WhiteElo "1777"]
[BlackElo "2031"]
[PlyCount "95"]
[EventDate "2017.07.01"]
[EventType "swiss"]
[EventRounds "9"]
[EventCountry "CZE"]
[SourceTitle "EXT 2018"]
[Source "ChessBase"]
[SourceDate "2017.10.13"]
[SourceVersion "1"]
[SourceVersionDate "2017.10.13"]
[SourceQuality "1"]

1. e4 c5 2. Nf3 Nc6 3. d4 cxd4 4. Nxd4 Nf6 5. Nc3 e5 6. Ndb5 d6 7. Bg5 a6 8. Na3 Be6 9. Bxf6 Qxf6 10. Nd5 Qd8 11. c3 Be7 12. Nc2 Bxd5 13. exd5 Nb8 14. Bd3 Nd7 15. Ne3 O-O 16. O-O g6 17. Qg4 Nf6 18. Qh3 Nh5 19. g3 Bf6 20. Be2 Ng7 21. Ng4 Be7 22. Bd3 f5 23. Ne3 e4 24. Bc2 Nh5 25. Kh1 Nf6 26. f3 exf3 27. Rxf3 Kh8 28. Raf1 Qc7 29. g4 Nxg4 30. Nxg4 fxg4 31. Qxg4 Rxf3 32. Rxf3 Rf8 33. Rh3 Bf6 34. Qxg6 Rf7 35. Rxh7+ Rxh7 36. Qxf6+ Kg8 37. Qg6+ Kf8 38. Qxh7 Qc4 39. Qf5+ Kg7 40. Bd3 Qxa2 41. Qg6+ Kf8 42. Qxd6+ Kg7 43. Qg6+ Kf8 44. Qh6+ Kf7 45. Bg6+ Ke7 46. d6+ Kd7 47. Bf5+ Ke8 48. Qe6+ 1-0

[Event "25th Klatovy A 2017"]
[Site "Klatovy CZE"]
[Date "2017.07.03"]
[Round "3.41"]
[White "Novotny, Jaroslav2"]
[Black "Stinka, Jakub"]
[Result "1/2-1/2"]
[WhiteElo "1933"]
[BlackElo "1991"]
[PlyCount "118"]
[EventDate "2017.07.01"]
[EventType "swiss"]
[EventRounds "9"]
[EventCountry "CZE"]
[SourceTitle "EXT 2018"]
[Source "ChessBase"]
[SourceDate "2017.10.13"]
[SourceVersion "1"]
[SourceVersionDate "2017.10.13"]
[SourceQuality "1"]

1. e4 d6 2. d4 Nf6 3. Nc3 c6 4. Nf3 Bg4 5. Be2 e6 6. O-O Be7 7. h3 Bh5 8. Bf4 O-O 9. a4 d5 10. exd5 exd5 11. Re1 Nbd7 12. Ne5 Bxe2 13. Rxe2 Re8 14. Qd3 Nxe5 15. Bxe5 Nd7 16. Bg3 Nf8 17. Rae1 Ne6 18. f4 g6 19. f5 Ng7 20. fxg6 hxg6 21. Nd1 Nf5 22. Nf2 Kg7 23. Be5+ f6 24. Bf4 Qd7 25. g4 Nd6 26. b3 Bf8 27. Kg2 Rxe2 28. Rxe2 Re8 29. Kf3 Re6 30. Rxe6 Qxe6 31. Qe3 Qxe3+ 32. Kxe3 g5 33. Bg3 Kg6 34. Bxd6 Bxd6 35. Nd3 Bh2 36. Ne1 Bg1+ 37. Kd3 Bf2 38. Nf3 Bg3 39. Ke3 f5 40. Kd3 Bd6 41. Ke3 Kf6 42. Kd3 Be7 43. Ke3 Ke6 44. Kd3 Bf6 45. Ke3 f4+ 46. Kd3 Kd6 47. Kd2 b6 48. Kd3 c5 49. dxc5+ bxc5 50. c4 a6 51. Nd2 Bd4 52. Nf3 Bf6 53. Nd2 Kc6 54. Nf3 d4 55. Ke4 Kb6 56. Ne1 Ka5 57. Nd3 Be7 58. Kf3 Bd6 59. Ke4 Bc7 1/2-1/2

[Event "25th Klatovy A 2017"]
[Site "Klatovy CZE"]
[Date "2017.07.03"]
[Round "3.42"]
[White "Kohout, Josef 1953"]
[Black "Kubat, Miroslav"]
[Result "1/2-1/2"]
[WhiteElo "1896"]
[BlackElo "1983"]
[PlyCount "57"]
[EventDate "2017.07.01"]
[EventType "swiss"]
[EventRounds "9"]
[EventCountry "CZE"]
[SourceTitle "EXT 2018"]
[Source "ChessBase"]
[SourceDate "2017.10.13"]
[SourceVersion "1"]
[SourceVersionDate "2017.10.13"]
[SourceQuality "1"]

1. e4 c5 2. Nf3 Nc6 3. c4 e5 4. Nc3 Be7 5. g3 Nf6 6. Bg2 O-O 7. O-O d6 8. h3 h6 9. d3 Be6 10. Nd5 Nh7 11. Nh2 f5 12. f4 exf4 13. Nxf4 Bd7 14. exf5 Nf6 15. Ne6 Bxe6 16. fxe6 Rb8 17. Ng4 Nxg4 18. Qxg4 Rxf1+ 19. Bxf1 Bf6 20. Bg2 Bd4+ 21. Kh2 Ne5 22. Qe2 Qe7 23. Bd5 Rf8 24. Be3 Nc6 25. Rb1 Rf6 26. Re1 Kf8 27. Kg2 Ke8 28. Bxc6+ bxc6 29. Bxd4 1/2-1/2

[Event "25th Klatovy A 2017"]
[Site "Klatovy CZE"]
[Date "2017.07.03"]
[Round "3.43"]
[White "Cekan, Petr1"]
[Black "Kantor, Jozef"]
[Result "1-0"]
[WhiteElo "1965"]
[BlackElo "1844"]
[PlyCount "51"]
[EventDate "2017.07.01"]
[EventType "swiss"]
[EventRounds "9"]
[EventCountry "CZE"]
[SourceTitle "EXT 2018"]
[Source "ChessBase"]
[SourceDate "2017.10.13"]
[SourceVersion "1"]
[SourceVersionDate "2017.10.13"]
[SourceQuality "1"]

1. e4 d6 2. d4 Nf6 3. Nc3 g6 4. Nf3 Bg7 5. h3 O-O 6. Be3 Nc6 7. Qd2 e5 8. O-O-O exd4 9. Nxd4 Nxd4 10. Bxd4 Re8 11. f3 Be6 12. g4 c6 13. h4 c5 14. Be3 Qa5 15. a3 Rad8 16. Bh6 Bh8 17. Bg5 Qb6 18. Qf4 Nxg4 19. fxg4 Be5 20. Qf3 Rc8 21. Bh3 Qc6 22. Bf6 b5 23. Bxe5 dxe5 24. Nd5 Kf8 25. g5 Bxd5 26. exd5 1-0

[Event "25th Klatovy A 2017"]
[Site "Klatovy CZE"]
[Date "2017.07.03"]
[Round "3.44"]
[White "Danek, Vaclav"]
[Black "Novak, Vaclav2"]
[Result "1/2-1/2"]
[WhiteElo "1953"]
[BlackElo "1829"]
[PlyCount "92"]
[EventDate "2017.07.01"]
[EventType "swiss"]
[EventRounds "9"]
[EventCountry "CZE"]
[SourceTitle "EXT 2018"]
[Source "ChessBase"]
[SourceDate "2017.10.13"]
[SourceVersion "1"]
[SourceVersionDate "2017.10.13"]
[SourceQuality "1"]

1. e4 e5 2. Nf3 Nc6 3. Bb5 a6 4. Ba4 Nf6 5. d3 b5 6. Bb3 h6 7. c3 d6 8. Nbd2 Be7 9. Nf1 O-O 10. Ng3 Be6 11. h3 Na5 12. Bc2 c5 13. O-O Nc6 14. Qe2 Nh7 15. Nh2 Bg5 16. Ng4 Bxc1 17. Rfxc1 Qg5 18. Ne3 g6 19. Nd5 Ra7 20. Qe3 Qxe3 21. fxe3 f5 22. Rf1 Raf7 23. Ne2 fxe4 24. dxe4 Nf6 25. Rad1 Nxd5 26. Rxf7 Bxf7 27. exd5 Ne7 28. e4 g5 29. Rf1 Bg6 30. Rxf8+ Kxf8 31. c4 bxc4 32. Nc3 Nc8 33. a4 a5 34. Nb5 Ke7 35. Kf2 Nb6 36. Nc3 Nd7 37. Bd1 Be8 38. Ke3 Nb6 39. Kd2 Kf6 40. g4 Bd7 41. Nb5 Ke7 42. Nc3 Nc8 43. Be2 Nb6 44. Bd1 Kf6 45. Ke3 Ke7 46. Kd2 Kd8 1/2-1/2

[Event "25th Klatovy A 2017"]
[Site "Klatovy CZE"]
[Date "2017.07.04"]
[Round "4.1"]
[White "Nomin Erdene, Davaademberel"]
[Black "Krutsky, Martin"]
[Result "1-0"]
[WhiteElo "2373"]
[BlackElo "2045"]
[PlyCount "49"]
[EventDate "2017.07.01"]
[EventType "swiss"]
[EventRounds "9"]
[EventCountry "CZE"]
[SourceTitle "EXT 2018"]
[Source "ChessBase"]
[SourceDate "2017.10.13"]
[SourceVersion "1"]
[SourceVersionDate "2017.10.13"]
[SourceQuality "1"]

1. e4 c5 2. Nf3 d6 3. d4 cxd4 4. Nxd4 Nf6 5. Nc3 a6 6. Be3 e5 7. Nf3 Be6 8. Ng5 Qc7 9. Nxe6 fxe6 10. Qf3 b5 11. O-O-O Nc6 12. g4 Qf7 13. Be2 Be7 14. g5 Nd7 15. Qh3 Nd4 16. Bg4 O-O-O 17. Kb1 Nf8 18. a4 Kb7 19. axb5 Nxb5 20. Nxb5 axb5 21. Qf1 Qe8 22. Be2 Qc6 23. Bxb5 Qc7 24. Rd3 Rc8 25. Ba6+ 1-0